000 00255nam a2200097Ia 4500
001 1212129
005 20250827024449.0
008 250824s9999 xx 000 0 und d
245 0 _aAYASOFYANIN GİZLİ TARİHİ
_cPELİN ÇİFT
260 _bDESTEK YAYINLARI
999 _c1212129
_d1212129